00916nam a2200193 a 450000100100000000500170001000800410002711000740006824000180014224500980016026000360025830000200029450000420031495201200035695201050047695201110058199900170069204000130070900003795320250211094044.0130311s2011 dr 000 0 spa d1 aRepública Dominicana. Consejo Nacional de Reforma del Estado96439610a[Leyes, etc.]10aAnte-proyecto de ley que crea el Instituto Dominicano de Acceso a la Información Pública. aSanto Domingo :bCONARE,c2011. a43 P. ;c22 cm. aIncluye notas al pie de las páginas 001054708DSaGRbGRcCTd2013-03-11iLF1l0o p37953-30r2020-06-25te. 3w2020-06-25yLFDSZPréstamo en sala 0010718PDaPDbPDcCTd2013-03-11iLF1l0o p37953-10r2020-06-25w2020-06-25yLFPDZNo se presta 0010718PDaPDbPDcCTd2013-03-11iLF1l0o p37953-20r2020-06-25te. 2w2020-06-25yLFPDZNo se presta c37443d37443 aDO-SdBNP